Porozumění textu a aktuálnost integrace ve výuce mateřského jazyka na základní škole

Bibliographic Details
Main Authors: Metelková Svobodová, Radana (Author), Šink, Radim (Author)
Format: Article
Language:Slovak
Czech
ISBN:978-80-8068-795-3
Subjects:
Online Access://www.unipo.sk/public/media/20164/inovacie_vo_vyucovani_jazyka_a_literatury.pdf

MARC

LEADER 00000nab a2200000 4500
001 vtls012054368
003 SK-MaSNL
005 20260303095928.0
008 210517|2008 xo |||| ||an ||00 0|slo
015 |a SNBRB2021/05 
040 |a SPKCL  |b slo  |e rda 
041 |a cze  |b cze  |b eng 
044 |a xo  |c SK 
072 7 |a 811.162.3  |x Čeština  |2 konspekt 
080 |a 811.162.3:37.018  |2 2011 
100 1 |a Metelková Svobodová, Radana  |4 aut  |9 770449 
245 1 0 |a Porozumění textu a aktuálnost integrace ve výuce mateřského jazyka na základní škole  |c Radana Metelková Svobodová, Radim Šink 
336 |a text  |b txt  |2 rdacontent 
337 |a bez média  |b n  |2 rdamedia 
338 |a zväzok  |b nc  |2 rdacarrier 
504 |a Obsahuje bibliografiu 
546 |a Anglické a české resumé 
650 0 7 |a materinský jazyk  |2 SNKPH  |9 1366 
650 0 7 |a čeština  |2 SNKPH  |9 1319 
650 0 7 |a základné školy  |2 SNKPH  |9 1280 
650 0 7 |a porozumenie textu  |2 SNKPHbucl  |9 71746 
655 7 |a BZB  |2 SNKPH  |9 1080216 
700 1 |a Šink, Radim  |4 aut  |9 835668 
773 0 |t Inovácie vo vyučovaní jazyka a literatúry  |d Prešov : Prešovská univerzita, 2008  |g S. 259-270  |h online  |z 978-80-8068-795-3 
856 4 1 |u //www.unipo.sk/public/media/20164/inovacie_vo_vyucovani_jazyka_a_literatury.pdf 
958 |a NB 
999 |c 1827339  |d 1829269